000 00354nam a2200145 a 4500
001 2328
003 CDMR
005 20130116135228.0
008 130130s1984||||||||||||||||||||||||||||d
040 _aCDMR
_bcat
_cCDMR
100 1 _aRispa Marquez, Raúl
_91745
245 1 3 _aLa revolución de la información
260 _aBarcelona
_c1984
_bSalvat
942 _cMON
999 _c2328
_d2328